[Event "H.C Andersen Open"]
[Site "Odense"]
[Date "2013.05.11"]
[Round "7"]
[White "Rusev, Krasimir"]
[Black "Nikolov, Momchil"]
[Result "1/2-1/2"]
[WhiteElo "2545"]
[BlackElo "2532"]
[PlyCount "39"]
[EventDate "2013.05.08"]
[EventType "swiss"]
[EventRounds "9"]
[EventCountry "DEN"]
[SourceTitle "CBM 154 Extra"]
[Source "ChessBase"]
[SourceDate "2013.06.25"]

1. d4 Nf6 2. c4 e6 3. Nc3 d5 4. Bg5 c6 5. Nf3 h6 6. Bxf6 Qxf6 7. e3 Nd7 8. Bd3
dxc4 9. Bxc4 g6 10. O-O Bg7 11. Rc1 O-O 12. Qe2 Qe7 13. e4 c5 14. d5 Nb6 15.
Rfd1 exd5 16. Nxd5 Nxd5 17. Bxd5 Bg4 18. h3 Bxf3 19. Qxf3 Rad8 20. b3 1/2-1/2

[Event "H.C Andersen Open"]
[Site "Odense"]
[Date "2013.05.11"]
[Round "7"]
[White "Sorensen, Alex"]
[Black "Bjerke, Silje"]
[Result "1/2-1/2"]
[WhiteElo "1933"]
[BlackElo "2210"]
[PlyCount "82"]
[EventDate "2013.05.08"]
[EventType "swiss"]
[EventRounds "9"]
[EventCountry "DEN"]
[SourceTitle "CBM 154 Extra"]
[Source "ChessBase"]
[SourceDate "2013.06.25"]

1. e4 c5 2. d4 cxd4 3. c3 g6 4. Nf3 Bg7 5. Nxd4 Nc6 6. Be3 d6 7. Bd3 Nf6 8. h3
Ne5 9. Bb5+ Bd7 10. f4 Nc6 11. Bd3 O-O 12. Nf3 b5 13. O-O b4 14. Qd2 Rb8 15.
Kh1 a5 16. c4 Bc8 17. Qf2 Nd7 18. Nd4 Bb7 19. Nd2 Qc8 20. Rac1 Nxd4 21. Bxd4
Bxd4 22. Qxd4 Qc5 23. Qf2 Qxf2 24. Rxf2 Nc5 25. Bb1 a4 26. Re2 Rfd8 27. Kg1
Rbc8 28. Rce1 Ne6 29. g3 Ba6 30. Bd3 Rc7 31. Re3 Nc5 32. Bf1 Nb7 33. Kf2 Na5
34. b3 axb3 35. axb3 Bb7 36. Ra1 Nc6 37. Rd3 Rb8 38. Bg2 Rcc8 39. Rd5 Ra8 40.
Rxa8 Bxa8 41. Rb5 e5 1/2-1/2

[Event "H.C Andersen Open"]
[Site "Odense"]
[Date "2013.05.12"]
[Round "8"]
[White "Bjerke, Silje"]
[Black "Konstantinov, Maxim"]
[Result "1/2-1/2"]
[WhiteElo "2210"]
[BlackElo "1990"]
[PlyCount "49"]
[EventDate "2013.05.08"]
[EventType "swiss"]
[EventRounds "9"]
[EventCountry "DEN"]
[SourceTitle "CBM 154 Extra"]
[Source "ChessBase"]
[SourceDate "2013.06.25"]

1. d4 Nf6 2. Nf3 e6 3. c4 d5 4. Nc3 Be7 5. Bg5 O-O 6. e3 Nbd7 7. Rc1 h6 8. Bh4
c6 9. Bd3 dxc4 10. Bxc4 b5 11. Bd3 Bb7 12. O-O a6 13. e4 c5 14. e5 Nd5 15. Bxe7
Qxe7 16. dxc5 Nxc3 17. Rxc3 Nxc5 18. Bb1 Rfd8 19. Qe2 Rd7 20. Rfc1 Na4 21. Re3
Rad8 22. b3 Nb6 23. h3 Qa3 24. Rec3 Nd5 25. R3c2 1/2-1/2

[Event "H.C Andersen Open"]
[Site "Odense"]
[Date "2013.05.12"]
[Round "8"]
[White "Bromann, Thorbjorn"]
[Black "Hansen, Mads"]
[Result "0-1"]
[WhiteElo "2368"]
[BlackElo "2306"]
[PlyCount "50"]
[EventDate "2013.05.08"]
[EventType "swiss"]
[EventRounds "9"]
[EventCountry "DEN"]
[SourceTitle "CBM 154 Extra"]
[Source "ChessBase"]
[SourceDate "2013.06.25"]

1. d4 Nf6 2. Nc3 d5 3. Bg5 c6 4. Qd3 Qa5 5. Bxf6 exf6 6. e4 Bb4 7. Nge2 O-O 8.
exd5 cxd5 9. g3 Re8 10. O-O-O Bg4 11. f3 Bd7 12. a3 Bd6 13. f4 Na6 14. Bg2 Rac8
15. Qf3 Nc7 16. Rhe1 Bf5 17. g4 Be4 18. Nxe4 dxe4 19. Qb3 Nd5 20. Ng3 Nc3 21.
Rd2 e3 22. Rd3 Na2+ 23. Kd1 Nc1 24. Rdxe3 Qxe1+ 25. Kxe1 Nxb3 0-1

[Event "H.C Andersen Open"]
[Site "Odense"]
[Date "2013.05.12"]
[Round "8"]
[White "Christensen, Bo Garner"]
[Black "Poulsen, Iver"]
[Result "1-0"]
[WhiteElo "2247"]
[BlackElo "2054"]
[PlyCount "63"]
[EventDate "2013.05.08"]
[EventType "swiss"]
[EventRounds "9"]
[EventCountry "DEN"]
[SourceTitle "CBM 154 Extra"]
[Source "ChessBase"]
[SourceDate "2013.06.25"]

1. e4 c5 2. Nf3 Nc6 3. d4 cxd4 4. Nxd4 Nf6 5. Nc3 g6 6. Be3 Bg7 7. f3 O-O 8.
Bc4 Qb6 9. Bb3 Nxe4 10. Nf5 Qb4 11. Nxg7 Nxc3 12. bxc3 Qxc3+ 13. Kf2 Qxg7 14.
Qd2 Re8 15. h4 e6 16. h5 d5 17. Rad1 d4 18. Bh6 Qf6 19. Bg5 Qg7 20. hxg6 fxg6
21. Rh6 Bd7 22. c3 Rf8 23. cxd4 Rae8 24. Rdh1 Rf5 25. Rxh7 Qxh7 26. Rxh7 Kxh7
27. g4 Rf7 28. Kg3 Rh8 29. d5 exd5 30. Qxd5 Rhf8 31. f4 Ne7 32. Qh1+ 1-0

[Event "H.C Andersen Open"]
[Site "Odense"]
[Date "2013.05.12"]
[Round "8"]
[White "Eriksson, Christian Altenburg"]
[Black "Thogersen, Rasmus"]
[Result "0-1"]
[WhiteElo "2156"]
[BlackElo "2013"]
[PlyCount "72"]
[EventDate "2013.05.08"]
[EventType "swiss"]
[EventRounds "9"]
[EventCountry "DEN"]
[SourceTitle "CBM 154 Extra"]
[Source "ChessBase"]
[SourceDate "2013.06.25"]

1. e4 c5 2. c3 g6 3. d4 cxd4 4. cxd4 d5 5. e5 Bg7 6. Nc3 Nc6 7. h3 f6 8. f4 Nh6
9. g4 O-O 10. Bg2 e6 11. Nf3 b6 12. O-O Ba6 13. Rf2 Qd7 14. exf6 Bh8 15. f5 Nf7
16. fxg6 hxg6 17. Nh4 Nd6 18. g5 Qh7 19. Rf4 Rad8 20. Qc2 Nf5 21. Nxf5 gxf5 22.
Nxd5 Bb7 23. Qb3 Qd7 24. Ne7+ Nxe7 25. fxe7 Qxe7 26. Be3 Bxg2 27. Kxg2 Rd5 28.
Re1 Rfd8 29. h4 Kf7 30. Bf2 Qd6 31. Rf3 Bxd4 32. Bxd4 Rxd4 33. Rxf5+ Kg7 34.
Rfe5 Qc6+ 35. Qf3 Rg4+ 36. Kf2 Rf8 0-1

[Event "H.C Andersen Open"]
[Site "Odense"]
[Date "2013.05.12"]
[Round "8"]
[White "Hylle Wiig, Lennart Moesgaard"]
[Black "Olsen, Aage Dalstrup"]
[Result "1/2-1/2"]
[WhiteElo "1856"]
[BlackElo "2056"]
[PlyCount "22"]
[EventDate "2013.05.08"]
[EventType "swiss"]
[EventRounds "9"]
[EventCountry "DEN"]
[SourceTitle "CBM 154 Extra"]
[Source "ChessBase"]
[SourceDate "2013.06.25"]

1. d4 Nf6 2. Nf3 e6 3. Bf4 d5 4. e3 c5 5. c3 a6 6. dxc5 Bxc5 7. Nbd2 O-O 8. Bd3
Nc6 9. Ne5 Bd6 10. Nxc6 bxc6 11. Bxd6 Qxd6 1/2-1/2

[Event "H.C Andersen Open"]
[Site "Odense"]
[Date "2013.05.12"]
[Round "8"]
[White "Iversen, Christian"]
[Black "Semcesen, Daniel"]
[Result "0-1"]
[WhiteElo "1876"]
[BlackElo "2473"]
[PlyCount "74"]
[EventDate "2013.05.08"]
[EventType "swiss"]
[EventRounds "9"]
[EventCountry "DEN"]
[SourceTitle "CBM 154 Extra"]
[Source "ChessBase"]
[SourceDate "2013.06.25"]

1. d4 d5 2. c4 c6 3. Nc3 Nf6 4. cxd5 cxd5 5. Nf3 Nc6 6. Bf4 Nh5 7. Bd2 a6 8. e3
Bg4 9. h3 Bxf3 10. Qxf3 Nf6 11. Bd3 e6 12. O-O Bd6 13. Rac1 O-O 14. Na4 Qe7 15.
a3 e5 16. dxe5 Nxe5 17. Qe2 b5 18. Nc3 Rad8 19. f4 Nc4 20. Bxc4 bxc4 21. Qf3
Bc5 22. Kh1 Rfe8 23. Rfe1 Ba7 24. g4 Qb7 25. Rc2 Qb3 26. Rec1 Ne4 27. Nxe4 Rxe4
28. Rc3 Qxb2 29. R1c2 Qb5 30. f5 Rde8 31. Kg2 Bb8 32. Rc1 Be5 33. R3c2 Bf6 34.
Qg3 h6 35. Kf2 d4 36. exd4 Bxd4+ 37. Kf1 c3+ 0-1

[Event "H.C Andersen Open"]
[Site "Odense"]
[Date "2013.05.12"]
[Round "8"]
[White "Jensen, Tobias Ilsoe"]
[Black "Nielsen, John Bauneborg"]
[Result "0-1"]
[WhiteElo "1905"]
[BlackElo "2161"]
[PlyCount "96"]
[EventDate "2013.05.08"]
[EventType "swiss"]
[EventRounds "9"]
[EventCountry "DEN"]
[SourceTitle "CBM 154 Extra"]
[Source "ChessBase"]
[SourceDate "2013.06.25"]

1. d4 f5 2. Nf3 Nf6 3. c4 g6 4. g3 Bg7 5. Bg2 O-O 6. Nc3 d6 7. O-O Nc6 8. b3 e5
9. dxe5 dxe5 10. Ba3 Re8 11. Nb5 Bd7 12. e3 a6 13. Nc3 e4 14. Nd4 Ne5 15. Nce2
b5 16. cxb5 axb5 17. Bc5 Nd3 18. b4 Ra3 19. Nf4 Nxc5 20. bxc5 c6 21. Qd2 Qa5
22. Qxa5 Rxa5 23. Rfd1 g5 24. Nfe2 Nd5 25. Bh3 Rea8 26. Bxf5 Bxf5 27. Nxc6 Bg4
28. Nxa5 Bxe2 29. Rxd5 Bxa1 30. c6 Bf6 31. c7 Rc8 32. Rc5 Kf8 33. Nb7 Ke7 34.
Rc6 Be5 35. Nc5 Bc4 36. Nxe4 Rxc7 37. Rh6 Bd5 38. Rxh7+ Kd8 39. Rxc7 Kxc7 40.
Nd2 Bxa2 41. Kf1 Bc3 42. Ke2 Bxd2 43. Kxd2 g4 44. Kc3 Kd6 45. Kd4 b4 46. Kd3
Ke5 47. Kc2 Ke4 48. Kb2 Be6 0-1

[Event "H.C Andersen Open"]
[Site "Odense"]
[Date "2013.05.12"]
[Round "8"]
[White "Jepsen, Thomas"]
[Black "Olsson, Tomas"]
[Result "1-0"]
[WhiteElo "2168"]
[BlackElo "1936"]
[PlyCount "37"]
[EventDate "2013.05.08"]
[EventType "swiss"]
[EventRounds "9"]
[EventCountry "DEN"]
[SourceTitle "CBM 154 Extra"]
[Source "ChessBase"]
[SourceDate "2013.06.25"]

1. Nf3 Nf6 2. g3 d6 3. Bg2 g6 4. O-O Bg7 5. c4 O-O 6. Nc3 c6 7. d3 e5 8. b4 e4
9. dxe4 Nxe4 10. Nxe4 Bxa1 11. Bg5 f6 12. Bh6 Re8 13. Nxd6 Bc3 14. Nxe8 Qxe8
15. Qb3 Be5 16. Nxe5 Qxe5 17. Rd1 Qe7 18. Qd3 Nd7 19. b5 1-0

[Event "H.C Andersen Open"]
[Site "Odense"]
[Date "2013.05.12"]
[Round "8"]
[White "Johansen, Johnny Holler"]
[Black "Becker, Martin"]
[Result "0-1"]
[WhiteElo "2002"]
[BlackElo "1910"]
[PlyCount "60"]
[EventDate "2013.05.08"]
[EventType "swiss"]
[EventRounds "9"]
[EventCountry "DEN"]
[SourceTitle "CBM 154 Extra"]
[Source "ChessBase"]
[SourceDate "2013.06.25"]

1. e4 e6 2. d4 d5 3. exd5 exd5 4. Bd3 Bd6 5. Nf3 h6 6. c3 Bg4 7. O-O Nd7 8.
Re1+ Ne7 9. Be3 c6 10. Nbd2 O-O 11. h3 Bf5 12. Qc2 Bxd3 13. Qxd3 Ng6 14. Qf5
Nf6 15. Ne5 Ne7 16. Qc2 Qc8 17. Bf4 Ne8 18. Ndf3 Qc7 19. Qe2 Nf6 20. Be3 Rae8
21. Qd3 Ne4 22. Nd2 f6 23. Nxe4 dxe4 24. Qc4+ Kh7 25. f4 Nd5 26. Ng4 Bxf4 27.
Bxf4 Qxf4 28. Rf1 Qg3 29. Rae1 h5 30. Nf2 Nf4 0-1

[Event "H.C Andersen Open"]
[Site "Odense"]
[Date "2013.05.12"]
[Round "8"]
[White "Matras, Ove"]
[Black "Hamann, Brian"]
[Result "1/2-1/2"]
[WhiteElo "1855"]
[BlackElo "1877"]
[PlyCount "89"]
[EventDate "2013.05.08"]
[EventType "swiss"]
[EventRounds "9"]
[EventCountry "DEN"]
[SourceTitle "CBM 154 Extra"]
[Source "ChessBase"]
[SourceDate "2013.06.25"]

1. b3 e5 2. e3 Nc6 3. Bb2 d5 4. Nf3 e4 5. Nd4 Nxd4 6. Bxd4 Nf6 7. d3 c6 8. Nd2
exd3 9. Bxd3 Be7 10. a3 Bg4 11. f3 Be6 12. O-O O-O 13. Re1 a6 14. b4 Nd7 15. c4
Bf6 16. Bxf6 Qxf6 17. f4 d4 18. Ne4 Qh6 19. Ng5 g6 20. exd4 Qg7 21. Bf1 h6 22.
Nf3 Nb6 23. Qc2 Rad8 24. Rad1 Bg4 25. Qf2 Bxf3 26. gxf3 Qf6 27. Re4 Nc8 28. c5
Ne7 29. Bc4 Nd5 30. Bxd5 Rxd5 31. Kh1 Rfd8 32. Qg1 Qg7 33. Re5 Qf6 34. Re4 Kh7
35. Qe3 Qh4 36. Rg1 Qf6 37. Rd1 R8d7 38. Re5 Qd8 39. f5 Rxe5 40. fxg6+ fxg6 41.
Qxe5 Re7 42. Qf4 Qd5 43. Rd2 Rf7 44. Qe4 Qc4 45. Kg2 1/2-1/2

[Event "H.C Andersen Open"]
[Site "Odense"]
[Date "2013.05.12"]
[Round "8"]
[White "Murtuzov, Rauf Mubariz"]
[Black "Rendboe, John Filip"]
[Result "1/2-1/2"]
[WhiteElo "1995"]
[BlackElo "2241"]
[PlyCount "73"]
[EventDate "2013.05.08"]
[EventType "swiss"]
[EventRounds "9"]
[EventCountry "DEN"]
[SourceTitle "CBM 154 Extra"]
[Source "ChessBase"]
[SourceDate "2013.06.25"]

1. e4 c5 2. d4 cxd4 3. c3 dxc3 4. Nxc3 Nc6 5. Nf3 d6 6. Bc4 e6 7. O-O Nf6 8.
Qe2 Be7 9. Rd1 e5 10. Bg5 a6 11. h3 O-O 12. Rd2 b5 13. Bb3 Be6 14. Rad1 Ne8 15.
Bxe7 Qxe7 16. Bd5 Rc8 17. a4 b4 18. Na2 a5 19. Rc1 Nf6 20. b3 Nd4 21. Nxd4 exd4
22. Rcd1 Bxd5 23. exd5 Qe5 24. Qf3 h6 25. Re2 Qxd5 26. Qxd5 Nxd5 27. Rxd4 Nc3
28. Nxc3 Rxc3 29. Rxd6 Rxb3 30. Ra6 Rb8 31. Rxa5 Rb1+ 32. Kh2 b3 33. Rb5 Ra8
34. a5 b2 35. Rexb2 Rxb2 36. Rxb2 Rxa5 37. Rb7 1/2-1/2

[Event "H.C Andersen Open"]
[Site "Odense"]
[Date "2013.05.12"]
[Round "8"]
[White "Nielsen, Poul Erik"]
[Black "Heinemann, Guido"]
[Result "1-0"]
[WhiteElo "2107"]
[BlackElo "1856"]
[PlyCount "55"]
[EventDate "2013.05.08"]
[EventType "swiss"]
[EventRounds "9"]
[EventCountry "DEN"]
[SourceTitle "CBM 154 Extra"]
[Source "ChessBase"]
[SourceDate "2013.06.25"]

1. c4 e6 2. Nf3 b6 3. g3 Bb7 4. Bg2 c5 5. O-O Be7 6. Nc3 f5 7. d3 Nf6 8. Re1
O-O 9. e4 fxe4 10. dxe4 Nc6 11. e5 Ne8 12. Ne4 Qc7 13. Bf4 Rd8 14. Qd2 d6 15.
exd6 Bxd6 16. Nxd6 Nxd6 17. Rxe6 Nd4 18. Nxd4 Bxg2 19. Kxg2 Qb7+ 20. Nf3 Nxc4
21. Qe2 b5 22. b3 Na5 23. Bd6 Nc6 24. Bxf8 Nd4 25. Qe4 Qf7 26. Nxd4 Rxd4 27.
Qe5 Qb7+ 28. Kg1 1-0

[Event "H.C Andersen Open"]
[Site "Odense"]
[Date "2013.05.12"]
[Round "8"]
[White "Nikolov, Momchil"]
[Black "Carlstedt, Jonathan"]
[Result "1/2-1/2"]
[WhiteElo "2532"]
[BlackElo "2373"]
[PlyCount "157"]
[EventDate "2013.05.08"]
[EventType "swiss"]
[EventRounds "9"]
[EventCountry "DEN"]
[SourceTitle "CBM 154 Extra"]
[Source "ChessBase"]
[SourceDate "2013.06.25"]

1. d4 e6 2. c4 d5 3. Nf3 c5 4. cxd5 exd5 5. g3 Nf6 6. Bg2 Be7 7. O-O O-O 8.
dxc5 Bxc5 9. a3 a5 10. Nc3 Nc6 11. Bg5 d4 12. Bxf6 Qxf6 13. Nd5 Qf5 14. Nd2 Rd8
15. Nf4 Bd6 16. Nd3 Be6 17. Rc1 Rab8 18. Re1 Qb5 19. Ne4 Be7 20. Nec5 Bd5 21.
Qa4 Qxa4 22. Nxa4 Bxg2 23. Kxg2 Rd5 24. Nb6 Rb5 25. Nc4 f6 26. Rc2 Kf7 27. Rec1
g5 28. Nd2 Re8 29. h3 Bd6 30. Nf3 h5 31. Rd2 g4 32. hxg4 hxg4 33. Nh2 Rg5 34.
Rc4 Ke6 35. Nf1 Kd5 36. Rdc2 Rg7 37. e3 Rge7 38. b4 Ke4 39. Nb2 axb4 40. axb4
Bxb4 41. exd4 Kd5 42. Na4 Re4 43. Ne3+ Kd6 44. Nc5 Bxc5 45. dxc5+ Kd7 46. Nxg4
Rxc4 47. Rxc4 Re6 48. Rf4 Ke7 49. Kf3 Nd8 50. Ne3 Rc6 51. Rf5 Ke6 52. Ke4 Nf7
53. Rh5 Ng5+ 54. Kd3 Kf7 55. f4 Ne6 56. Rh7+ Kg6 57. Re7 f5 58. Ke2 Nd4+ 59.
Kf2 b6 60. cxb6 Rxb6 61. Nc4 Rb4 62. Rc7 Kf6 63. Kg2 Ke6 64. Rc5 Ra4 65. Kh3
Ra2 66. Ne3 Ra3 67. Re5+ Kf6 68. Nd5+ Kg6 69. Ne7+ Kf6 70. Nd5+ Kg6 71. Re8 Ra2
72. Re3 Ne2 73. Re6+ Kg7 74. Kh4 Nd4 75. Re3 Kg6 76. Kh3 Ne2 77. Re6+ Kg7 78.
Re7+ Kg6 79. Re6+ 1/2-1/2

[Event "H.C Andersen Open"]
[Site "Odense"]
[Date "2013.05.12"]
[Round "8"]
[White "Ochsner, Bjorn Moller"]
[Black "Bach, Matthias"]
[Result "1/2-1/2"]
[WhiteElo "2347"]
[BlackElo "2252"]
[PlyCount "149"]
[EventDate "2013.05.08"]
[EventType "swiss"]
[EventRounds "9"]
[EventCountry "DEN"]
[SourceTitle "CBM 154 Extra"]
[Source "ChessBase"]
[SourceDate "2013.06.25"]

1. e4 e5 2. Nf3 Nc6 3. Bb5 Bc5 4. O-O Nd4 5. Bc4 d5 6. exd5 Bg4 7. Be2 Bxf3 8.
Bxf3 Ne7 9. Re1 O-O 10. d3 Ng6 11. Be3 f5 12. Nd2 Nxf3+ 13. Qxf3 Bd6 14. Nc4
Qd7 15. Bd2 Rae8 16. a4 e4 17. Qh3 Qf7 18. Nxd6 cxd6 19. dxe4 fxe4 20. Qg3 Qxd5
21. Rad1 Qc6 22. Bc3 d5 23. h4 Rf7 24. Qg5 Nf4 25. a5 Qe6 26. Re3 h6 27. Qg3
Qf5 28. f3 Re6 29. Qg4 Rg6 30. Qxf5 Rxf5 31. Rd2 exf3 32. Rxf3 Ne2+ 33. Kf2
Rxf3+ 34. Kxf3 Nxc3 35. bxc3 Rc6 36. Rxd5 Rxc3+ 37. Kf4 Rxc2 38. Rd7 Rc5 39.
Rxb7 Rxa5 40. Kg4 h5+ 41. Kh3 Kh7 42. Rc7 Ra6 43. Rc5 Rh6 44. Ra5 a6 45. g3 Kg8
46. Kg2 Rb6 47. Kf3 g6 48. Ra3 Kf7 49. g4 hxg4+ 50. Kxg4 Ke6 51. Ra5 Kd6 52.
Kf4 Kc7 53. Ke3 Rd6 54. h5 Kb6 55. Rg5 gxh5 56. Rxh5 a5 57. Rh2 Kb5 58. Rd2 Rc6
59. Kd3 Kb4 60. Rb2+ Ka3 61. Rb5 a4 62. Kd2 Ka2 63. Rb4 a3 64. Rb8 Rh6 65. Kc2
Rh2+ 66. Kc1 Rb2 67. Rc8 Rb1+ 68. Kc2 Rb2+ 69. Kc1 Rb6 70. Kc2 Rg6 71. Rc7 Rg2+
72. Kc1 Ka1 73. Rc3 a2 74. Rc8 Rc2+ 75. Rxc2 1/2-1/2

[Event "H.C Andersen Open"]
[Site "Odense"]
[Date "2013.05.12"]
[Round "8"]
[White "Pedersen, Henrik Bolding"]
[Black "Sorensen, Alex"]
[Result "1-0"]
[WhiteElo "2125"]
[BlackElo "1933"]
[PlyCount "100"]
[EventDate "2013.05.08"]
[EventType "swiss"]
[EventRounds "9"]
[EventCountry "DEN"]
[SourceTitle "CBM 154 Extra"]
[Source "ChessBase"]
[SourceDate "2013.06.25"]

1. e4 d5 2. exd5 Nf6 3. Nf3 Nxd5 4. d4 g6 5. Bc4 Bg7 6. O-O O-O 7. Bb3 Nc6 8.
c3 Na5 9. Bc2 Nc4 10. Qe2 Nd6 11. Bb3 Nf5 12. a4 a5 13. Na3 b6 14. Ne5 Ba6 15.
Bc4 Bxc4 16. Naxc4 c5 17. dxc5 bxc5 18. Qf3 e6 19. g3 Qc7 20. Re1 Nd6 21. Nxd6
Qxd6 22. Bf4 Nxf4 23. Qxf4 Rab8 24. Rad1 Bxe5 25. Qxe5 Qc6 26. Rd2 Qxa4 27.
Qxc5 Rfd8 28. Rxd8+ Rxd8 29. Qb6 Rd5 30. b3 Qg4 31. c4 Rh5 32. Qb8+ Kg7 33. Re5
Rf5 34. Rxf5 Qxf5 35. h4 Qb1+ 36. Kg2 Qe4+ 37. Kh2 Qf3 38. Qe5+ Kg8 39. Qe3 Qf5
40. c5 Qd5 41. Qc3 Qf5 42. f3 Qb1 43. c6 Qa2+ 44. Kh3 Qf2 45. c7 Qf1+ 46. Kg4
h5+ 47. Kf4 e5+ 48. Kxe5 f6+ 49. Kf4 g5+ 50. hxg5 fxg5+ 1-0

[Event "H.C Andersen Open"]
[Site "Odense"]
[Date "2013.05.12"]
[Round "8"]
[White "Rasmussen, Jens"]
[Black "Erikstad, Olav Age"]
[Result "1/2-1/2"]
[WhiteElo "1713"]
[BlackElo "1836"]
[PlyCount "136"]
[EventDate "2013.05.08"]
[EventType "swiss"]
[EventRounds "9"]
[EventCountry "DEN"]
[SourceTitle "CBM 154 Extra"]
[Source "ChessBase"]
[SourceDate "2013.06.25"]

1. d4 Nf6 2. Nf3 d5 3. e3 Nbd7 4. Bd3 e6 5. Nbd2 c5 6. b3 cxd4 7. exd4 Bd6 8.
Bb2 O-O 9. O-O b6 10. Re1 a5 11. a3 Ba6 12. Qe2 Bxd3 13. Qxd3 Qc8 14. c4 Qb7
15. Rac1 Rac8 16. g3 Rfe8 17. Ne5 Bxe5 18. dxe5 Nc5 19. Qf3 Nfe4 20. Nf1 Ng5
21. Qg4 Nge4 22. Re3 dxc4 23. Rxc4 Red8 24. Rcxe4 Nxe4 25. Qxe4 Qxe4 26. Rxe4
Rd3 27. Re3 Rd1 28. Kg2 Rc2 29. Bc3 Kf8 30. b4 a4 31. b5 Rd5 32. Bb4+ Ke8 33.
Re4 Rxb5 34. Ne3 Re2 35. Kf3 Ra2 36. Nc4 Rd5 37. Nxb6 f5 38. exf6 Rf5+ 39. Rf4
Rxf4+ 40. gxf4 gxf6 41. Nxa4 e5 42. fxe5 fxe5 43. Nc5 Kd8 44. Nd3 e4+ 45. Kxe4
Re2+ 46. Kf3 Re6 47. h3 Rh6 48. Nf4 Rf6 49. Be7+ Kxe7 50. Ke4 Kd7 51. f3 Ra6
52. h4 h6 53. Kf5 Rxa3 54. Kg4 Ke8 55. Nh5 Kf7 56. f4 Ra4 57. Ng3 Kg6 58. h5+
Kf6 59. Nf5 Ra1 60. Nxh6 Rg1+ 61. Kf3 Rf1+ 62. Kg3 Rg1+ 63. Kh2 Rg7 64. Kh3 Rh7
65. Ng4+ Kf5 66. h6 Kxf4 67. Kh4 Rh8 68. Kh5 Rxh6+ 1/2-1/2

[Event "H.C Andersen Open"]
[Site "Odense"]
[Date "2013.05.12"]
[Round "8"]
[White "Rasmussen, Morten Thor"]
[Black "Jensen, Soren2"]
[Result "0-1"]
[WhiteElo "1719"]
[BlackElo "1836"]
[PlyCount "122"]
[EventDate "2013.05.08"]
[EventType "swiss"]
[EventRounds "9"]
[EventCountry "DEN"]
[SourceTitle "CBM 154 Extra"]
[Source "ChessBase"]
[SourceDate "2013.06.25"]

1. e4 c6 2. d4 d5 3. Nc3 dxe4 4. Nxe4 Bf5 5. Ng3 Bg6 6. Nf3 Nd7 7. h4 h6 8. Bd3
Bxd3 9. Qxd3 Ngf6 10. Bf4 e6 11. Ne4 Nxe4 12. Qxe4 Nf6 13. Qe2 Be7 14. O-O-O
Qa5 15. Kb1 O-O 16. Ne5 Rad8 17. g4 Nd5 18. Bd2 Qa4 19. g5 Nb4 20. Bxb4 Qxb4
21. gxh6 Rxd4 22. hxg7 Rxd1+ 23. Rxd1 Rd8 24. Rxd8+ Bxd8 25. h5 Bf6 26. c3 Qh4
27. Ng4 Bxg7 28. f4 Kh8 29. f5 exf5 30. Ne5 Qf6 31. Nd7 Qd6 32. h6 Bxh6 33.
Qe8+ Kg7 34. Kc2 Qd2+ 35. Kb3 Qd5+ 36. Kc2 Qd2+ 37. Kb3 Qd1+ 38. Kc4 Qd5+ 39.
Kb4 Qd6+ 40. Kb3 Qd1+ 41. Kb4 Qd6+ 42. Ka5 Bc1 43. Qe1 Qxd7 44. Qxc1 Qd5+ 45.
Kb4 Qe4+ 46. c4 f4 47. Qg1+ Kf6 48. Qg4 Qe1+ 49. Ka4 Qg3 50. Qd1 f3 51. Qd8+
Kg7 52. Qd4+ Kh6 53. Qh8+ Kg5 54. Qg8+ Kf4 55. Qb8+ Kg4 56. Qc8+ f5 57. Qg8+
Kh3 58. Qh7+ Kg2 59. Qxf5 f2 60. Qe4+ Kh2 61. Qe2 Kg1 0-1

[Event "H.C Andersen Open"]
[Site "Odense"]
[Date "2013.05.12"]
[Round "8"]
[White "Rusev, Krasimir"]
[Black "Bae, Torstein"]
[Result "1/2-1/2"]
[WhiteElo "2545"]
[BlackElo "2442"]
[PlyCount "29"]
[EventDate "2013.05.08"]
[EventType "swiss"]
[EventRounds "9"]
[EventCountry "DEN"]
[SourceTitle "CBM 154 Extra"]
[Source "ChessBase"]
[SourceDate "2013.06.25"]

1. d4 Nf6 2. c4 e6 3. Nc3 Bb4 4. e3 O-O 5. Bd3 d5 6. Nf3 b6 7. O-O Bb7 8. cxd5
exd5 9. a3 Bd6 10. b4 a6 11. Qb3 Qe7 12. b5 axb5 13. Nxb5 Nbd7 14. a4 c5 15.
Ba3 1/2-1/2

[Event "H.C Andersen Open"]
[Site "Odense"]
[Date "2013.05.12"]
[Round "9"]
[White "Becker, Martin"]
[Black "Jacobsen, Bo"]
[Result "0-1"]
[WhiteElo "1910"]
[BlackElo "2319"]
[PlyCount "92"]
[EventDate "2013.05.08"]
[EventType "swiss"]
[EventRounds "9"]
[EventCountry "DEN"]
[SourceTitle "CBM 154 Extra"]
[Source "ChessBase"]
[SourceDate "2013.06.25"]

1. e4 e5 2. Nf3 d6 3. Bc4 Be7 4. d4 exd4 5. Nxd4 Nf6 6. Nc3 O-O 7. O-O Re8 8.
Re1 Nbd7 9. Bf4 Bf8 10. Qf3 Ne5 11. Qe2 Nxc4 12. Qxc4 c6 13. Rad1 Be6 14. Qd3
Qb6 15. Nxe6 Rxe6 16. b3 Rae8 17. Na4 Qa5 18. f3 d5 19. Bd2 Qc7 20. exd5 Nxd5
21. Rxe6 Rxe6 22. c4 Nf4 23. Bxf4 Qxf4 24. g3 Qg5 25. f4 Qg4 26. Rd2 h5 27. Kg2
h4 28. h3 Qh5 29. g4 Qa5 30. Nc3 Rd6 31. Qe3 Rxd2+ 32. Qxd2 Bb4 33. Qe2 Bxc3
34. Qe8+ Kh7 35. Qxf7 Bd4 36. g5 Qd2+ 37. Kf3 Qe3+ 38. Kg4 Qg3+ 39. Kf5 Qxh3+
40. Ke4 Qe3+ 41. Kf5 Qd3+ 42. Kg4 Qg6 43. Qd7 Qe4 44. Qf7 Be3 45. Kh5 Qf3+ 46.
Kxh4 Bf2# 0-1

[Event "H.C Andersen Open"]
[Site "Odense"]
[Date "2013.05.12"]
[Round "9"]
[White "Carlstedt, Jonathan"]
[Black "Haub, Thorsten Michael"]
[Result "1/2-1/2"]
[WhiteElo "2373"]
[BlackElo "2462"]
[PlyCount "34"]
[EventDate "2013.05.08"]
[EventType "swiss"]
[EventRounds "9"]
[EventCountry "DEN"]
[SourceTitle "CBM 154 Extra"]
[Source "ChessBase"]
[SourceDate "2013.06.25"]

1. c4 g6 2. g3 Bg7 3. Bg2 f5 4. Nc3 Nf6 5. e3 d6 6. Nge2 c6 7. O-O Be6 8. d3
O-O 9. Rb1 Bf7 10. f4 d5 11. b3 Re8 12. h3 e5 13. cxd5 cxd5 14. fxe5 Rxe5 15.
e4 dxe4 16. dxe4 Qxd1 17. Rxd1 Nxe4 1/2-1/2

[Event "H.C Andersen Open"]
[Site "Odense"]
[Date "2013.05.12"]
[Round "9"]
[White "Danielsen, Henrik"]
[Black "Nikolov, Momchil"]
[Result "1/2-1/2"]
[WhiteElo "2500"]
[BlackElo "2532"]
[PlyCount "101"]
[EventDate "2013.05.08"]
[EventType "swiss"]
[EventRounds "9"]
[EventCountry "DEN"]
[SourceTitle "CBM 154 Extra"]
[Source "ChessBase"]
[SourceDate "2013.06.25"]

1. Nf3 Nf6 2. g3 c5 3. Bg2 Nc6 4. O-O e5 5. d3 d5 6. e4 Be7 7. Nc3 d4 8. Ne2
O-O 9. Ne1 b5 10. f4 c4 11. Nf3 Nd7 12. Bh3 Re8 13. Kh1 exf4 14. Nxf4 Bb7 15.
Nd5 Nb6 16. Nxe7+ Qxe7 17. Ng5 Ne5 18. Bf4 Nbd7 19. Kg1 f6 20. Be6+ Kh8 21.
Bxd7 Qxd7 22. Bxe5 Rxe5 23. Nf3 Rc5 24. Nh4 Rf8 25. Rf2 g6 26. Qd2 Kg7 27. Raf1
a6 28. Qb4 Qc7 29. Nf3 a5 30. Qe1 Rd8 31. Re2 cxd3 32. cxd3 b4 33. Qf2 Rc1 34.
Rxc1 Qxc1+ 35. Kg2 Qc5 36. Rc2 Qb6 37. Rc4 Ba6 38. Rxd4 Rxd4 39. Nxd4 Qd6 40.
Qe3 a4 41. Kf2 a3 42. b3 Kg8 43. Nc2 Bxd3 44. Nxb4 Bb1 45. Qc3 Kg7 46. Ke3 Qd1
47. Qc7+ Kh6 48. Qf4+ Kg7 49. Qc7+ Kh6 50. Qf4+ Kg7 51. Qc7+ 1/2-1/2